|
|
|
|
| LEADER |
00000naa2a2200000 4500 |
| 001 |
403484 |
| 005 |
20231101065922.0 |
| 035 |
|
|
|a (RuTPU)RU\TPU\prd\49738
|
| 090 |
|
|
|a 403484
|
| 100 |
|
|
|a 20070322a2006 k y0rusy50 ca
|
| 101 |
0 |
|
|a rus
|
| 102 |
|
|
|a RU
|
| 200 |
1 |
|
|a Обеспечение надежности автоматизированного УЗК сварных труб при их производстве
|f А. А. Ткаченко, В. Л. Найда, А. П. Копылов
|
| 225 |
1 |
|
|a Автоматизировнный НК
|
| 320 |
|
|
|a Библиогр.: 4 назв.
|
| 461 |
|
0 |
|0 (RuTPU)RU\TPU\prd\1155
|x 1609-3178
|t В мире неразрушающего контроля
|o Ежеквартальное журнальное обозрение
|d 2001-
|
| 463 |
|
0 |
|0 (RuTPU)RU\TPU\prd\47065
|t № 3
|v С. 17-20
|d 2006
|
| 610 |
1 |
|
|a сварные трубы
|
| 610 |
1 |
|
|a надежность
|
| 610 |
1 |
|
|a автоматизация
|
| 610 |
1 |
|
|a ультразвуковой контроль
|
| 610 |
1 |
|
|a акустические системы
|
| 610 |
1 |
|
|a автоматическое слежение
|
| 610 |
1 |
|
|a ультразвуковые колебания
|
| 700 |
|
1 |
|a Ткаченко
|b А. А.
|
| 701 |
|
1 |
|a Найда
|b В. Л.
|
| 701 |
|
1 |
|a Копылов
|b А. П.
|
| 801 |
|
1 |
|a RU
|b 63413507
|c 20070322
|g PSBO
|
| 942 |
|
|
|c BK
|